[Event "Bad Woerishofen Sen"]
[Site "Bad Woerishofen"]
[Date "2001.??.??"]
[Round "6"]
[White "Kies, Werner"]
[Black "Schratzenstaller, Andreas"]
[Result "1-0"]
[WhiteElo "1981"]
[BlackElo "1756"]
[Annotator "ChessOrg"]
[PlyCount "63"]
[EventDate "1998.03.05"]
[Source "ChessBase"]
[SourceDate "1998.04.29"]

1. e4 g6 2. d4 Bg7 3. f4 d6 4. Nf3 Bg4 5. Be3 c5 6. c3 cxd4 7. Bxd4 Bxf3 8.
Qa4+ Kf8 9. gxf3 Nf6 10. Nd2 Nc6 11. Be3 h5 12. h4 Bh6 13. Kf2 e5 14. f5 Bxe3+
15. Kxe3 Qb6+ 16. Kd3 gxf5 17. exf5 Rg8 18. Rd1 Nd5 19. Qe4 Nce7 20. Nc4 Qa6
21. Kc2 Qa4+ 22. Kc1 Qxa2 23. Rxd5 Qa1+ 24. Kc2 Qa4+ 25. Kb1 Nxd5 26. Qxd5 Qc6
27. Qd3 Rg3 28. Be2 b5 29. Nxd6 Rd8 30. Rd1 Ke7 31. f6+ Ke6 32. Qf5# 1-0

[Event "Bad Woerishofen Sen"]
[Site "Bad Woerishofen"]
[Date "2001.??.??"]
[Round "8"]
[White "Kies, Werner"]
[Black "Koenigl, Anton"]
[Result "0-1"]
[WhiteElo "1981"]
[BlackElo "1741"]
[Annotator "ChessOrg"]
[PlyCount "86"]
[EventDate "1998.03.05"]
[Source "ChessBase"]
[SourceDate "1998.04.29"]

1. e4 d5 2. exd5 Qxd5 3. Nc3 Qa5 4. d4 c6 5. Nf3 Nf6 6. Bd3 Bg4 7. h3 Bh5 8.
O-O e6 9. Ne4 Nbd7 10. Ng3 Bxf3 11. Qxf3 Bd6 12. c3 O-O 13. b4 Qc7 14. a4 b6
15. Bg5 h6 16. Bd2 Rfe8 17. Ne4 Nxe4 18. Bxe4 Rac8 19. c4 Nf6 20. Bc2 Qe7 21.
c5 Bb8 22. g4 Qc7 23. Qg2 Red8 24. Be3 Nd5 25. Rfe1 Nxb4 26. Be4 Nd5 27. cxb6
axb6 28. Rac1 Qd6 29. h4 Nxe3 30. fxe3 c5 31. dxc5 Rxc5 32. Rxc5 Qxc5 33. Bc2
Qe5 34. Re2 Bd6 35. Qf3 Qg3+ 36. Qxg3 Bxg3 37. h5 Bh4 38. Kg2 Bg5 39. Kf3 Rc8
40. Rd2 Rc3 41. Re2 Bxe3 42. Be4 Bc5+ 43. Kg2 Rc4 0-1

[Event "Bad Woerishofen Sen"]
[Site "Bad Woerishofen"]
[Date "2001.??.??"]
[Round "1"]
[White "Kleinwaechter, Matthias"]
[Black "Gretzer, Otmar"]
[Result "1/2-1/2"]
[WhiteElo "2041"]
[BlackElo "2186"]
[Annotator "ChessOrg"]
[PlyCount "70"]
[EventDate "1998.03.05"]
[Source "ChessBase"]
[SourceDate "1998.04.29"]

1. e4 c6 2. d4 d5 3. exd5 cxd5 4. c3 Nf6 5. Bd3 Nc6 6. Bf4 Bg4 7. Qb3 Qd7 8.
Nd2 e6 9. Ngf3 Bd6 10. Bg3 a6 11. Ne5 Bxe5 12. dxe5 Ng8 13. h3 Bh5 14. O-O Nge7
15. Rfe1 O-O 16. Rac1 Rfd8 17. Qa4 Nxe5 18. Bxh7+ Kxh7 19. Qh4 Kg8 20. Bxe5 Bg6
21. Nf3 f6 22. Bxf6 gxf6 23. Qxf6 Bf7 24. Ne5 Qe8 25. Re3 Nf5 26. Rf3 Rd7 27.
Rf4 Qd8 28. Rg4+ Kh7 29. Nxd7 Qxd7 30. Re1 Rg8 31. Rxg8 Kxg8 32. g4 Nd6 33. h4
Ne4 34. Qe5 Qd8 35. g5 Qb6 1/2-1/2

[Event "Bad Woerishofen Sen"]
[Site "Bad Woerishofen"]
[Date "2001.??.??"]
[Round "3"]
[White "Kleinwaechter, Matthias"]
[Black "Homes, Helmut"]
[Result "1/2-1/2"]
[WhiteElo "2041"]
[BlackElo "1789"]
[Annotator "ChessOrg"]
[PlyCount "66"]
[EventDate "1998.03.05"]
[Source "ChessBase"]
[SourceDate "1998.04.29"]

1. e4 e5 2. Nf3 Nc6 3. Bb5 a6 4. Ba4 Nf6 5. Qe2 b5 6. Bb3 d6 7. c3 Bg4 8. d3
Be7 9. Nbd2 O-O 10. Nf1 Na5 11. Bc2 h6 12. Ng3 c5 13. h3 Be6 14. O-O Nc6 15.
Be3 Qd7 16. a3 a5 17. Nh2 d5 18. f4 exf4 19. Bxf4 dxe4 20. Nxe4 Nxe4 21. Qxe4
Bd5 22. Qe3 Rfe8 23. Qg3 Kh8 24. Ng4 Rad8 25. Rae1 Be6 26. Ne5 Nxe5 27. Bxe5 f6
28. Bc7 Bd6 29. Bxd6 Qxd6 30. Qg6 Qf8 31. d4 Bg8 32. dxc5 Qxc5+ 33. Kh1 Re5
1/2-1/2

[Event "Bad Woerishofen Sen"]
[Site "Bad Woerishofen"]
[Date "2001.??.??"]
[Round "5"]
[White "Kleinwaechter, Matthias"]
[Black "Vetter, Wilhelm"]
[Result "1/2-1/2"]
[WhiteElo "2041"]
[BlackElo "1798"]
[Annotator "ChessOrg"]
[PlyCount "93"]
[EventDate "1998.03.05"]
[Source "ChessBase"]
[SourceDate "1998.04.29"]

1. e4 e5 2. Nf3 Nc6 3. Bb5 Nf6 4. Qe2 d6 5. c3 Bd7 6. d3 Be7 7. Nbd2 O-O 8. Nf1
a6 9. Bxc6 Bxc6 10. Ng3 Bd7 11. O-O h6 12. Re1 Nh7 13. d4 exd4 14. Nxd4 Bf6 15.
Ndf5 Bg5 16. f4 Bf6 17. Be3 Kh8 18. Rad1 Qe8 19. Qc2 Bxf5 20. Nxf5 Qc6 21. Bf2
Rfe8 22. Re2 Nf8 23. Rde1 Ng6 24. g3 Ne7 25. Nd4 Bxd4 26. cxd4 Qxc2 27. Rxc2 c6
28. Kg2 f6 29. Re3 d5 30. e5 Nf5 31. Rb3 Rab8 32. g4 Ne7 33. h4 f5 34. gxf5
Nxf5 35. Rb6 Kg8 36. Rc3 Rec8 37. h5 Kf7 38. Rc5 Rg8 39. Kh3 g5 40. hxg6+ Rxg6
41. Rc3 Ng7 42. Rg3 Rxg3+ 43. Kxg3 Nf5+ 44. Kh3 Ke6 45. a4 Ne7 46. a5 Kf5 47.
Rb3 1/2-1/2

[Event "Bad Woerishofen Sen"]
[Site "Bad Woerishofen"]
[Date "2001.??.??"]
[Round "7"]
[White "Kleinwaechter, Matthias"]
[Black "Weigel, Herbert"]
[Result "1/2-1/2"]
[WhiteElo "2041"]
[BlackElo "2153"]
[Annotator "ChessOrg"]
[PlyCount "47"]
[EventDate "1998.03.05"]
[Source "ChessBase"]
[SourceDate "1998.04.29"]

1. e4 e5 2. Nf3 Nc6 3. Bb5 a6 4. Ba4 Nf6 5. Qe2 b5 6. Bb3 Bc5 7. c3 O-O 8. d3
d5 9. Bg5 dxe4 10. dxe4 Qe7 11. Nbd2 h6 12. Bh4 Rb8 13. O-O g5 14. Bg3 Nh5 15.
Kh1 Kg7 16. Bd5 Nxg3+ 17. fxg3 Nd8 18. b4 Bd6 19. a4 c6 20. Bb3 c5 21. bxc5
Bxc5 22. axb5 axb5 23. Rfb1 Bd7 24. Nf1 1/2-1/2

[Event "Bad Woerishofen Sen"]
[Site "Bad Woerishofen"]
[Date "2001.??.??"]
[Round "9"]
[White "Kleinwaechter, Matthias"]
[Black "Ziltener, Werner"]
[Result "0-1"]
[WhiteElo "2041"]
[BlackElo "2049"]
[Annotator "ChessOrg"]
[PlyCount "64"]
[EventDate "1998.03.05"]
[Source "ChessBase"]
[SourceDate "1998.04.29"]

1. e4 e5 2. Nf3 Nc6 3. Bb5 Nf6 4. Qe2 Bc5 5. c3 O-O 6. O-O d5 7. d3 Bg4 8. h3
Bh5 9. Bg5 dxe4 10. dxe4 Qe7 11. Nbd2 Nd8 12. Be3 Ne6 13. g3 Rad8 14. Rad1 c6
15. Ba4 h6 16. b4 Bb6 17. Bxb6 axb6 18. Qe3 Ng5 19. Kg2 Nfxe4 20. g4 Nxd2 21.
Nxd2 Bg6 22. f4 Rd3 23. Qe2 Rxc3 24. fxg5 Bd3 25. Qf2 Bxf1+ 26. Rxf1 e4 27.
gxh6 Rd3 28. Bb3 e3 29. Bxf7+ Rxf7 30. Qxf7+ Qxf7 31. h7+ Kxh7 32. Rxf7 exd2
0-1

[Event "Bad Woerishofen Sen"]
[Site "Bad Woerishofen"]
[Date "2001.??.??"]
[Round "2"]
[White "Kraft, Hans"]
[Black "Rueggeberg, Wilhelm"]
[Result "1/2-1/2"]
[WhiteElo "2100"]
[BlackElo "1830"]
[Annotator "ChessOrg"]
[PlyCount "64"]
[EventDate "1998.03.05"]
[Source "ChessBase"]
[SourceDate "1998.04.29"]

1. e4 c5 2. Nf3 d6 3. d4 cxd4 4. Nxd4 Nf6 5. Nc3 e6 6. Be3 Nc6 7. Bc4 a6 8. Bb3
Bd7 9. f4 Qc7 10. O-O Be7 11. Kh1 Nxd4 12. Bxd4 e5 13. fxe5 dxe5 14. Rxf6 Bxf6
15. Nd5 Qc6 16. Bb6 Bd8 17. Be3 O-O 18. Qh5 Qg6 19. Qd1 Bc6 20. Qd3 Re8 21. Rf1
Rc8 22. Rf3 Ba5 23. Rg3 Qd6 24. Qf1 Bxd5 25. Bxd5 Rc7 26. a3 Rd7 27. b4 Bb6 28.
Bg5 Bd8 29. Be3 b6 30. c4 Qf6 31. Rf3 Qg6 32. Rg3 Qf6 1/2-1/2

[Event "Bad Woerishofen Sen"]
[Site "Bad Woerishofen"]
[Date "2001.??.??"]
[Round "4"]
[White "Kraft, Hans"]
[Black "Reinke, Kurt"]
[Result "1-0"]
[WhiteElo "2100"]
[BlackElo "1841"]
[Annotator "ChessOrg"]
[PlyCount "77"]
[EventDate "1998.03.05"]
[Source "ChessBase"]
[SourceDate "1998.04.29"]

1. e4 c5 2. Nf3 d6 3. d4 cxd4 4. Nxd4 Nf6 5. Nc3 a6 6. Bc4 e6 7. Bb3 Be7 8. g4
h6 9. Rg1 g6 10. Qf3 e5 11. Nde2 Nbd7 12. Be3 b5 13. O-O-O Bb7 14. Ng3 b4 15.
Nd5 Nxd5 16. Rxd5 Nf6 17. Rdd1 Rc8 18. h4 Qd7 19. g5 Qg4 20. Ba4+ Kf8 21. Qh1
hxg5 22. Bxg5 Rc7 23. f3 Qc8 24. Qg2 Bc6 25. Bb3 a5 26. Bxf7 Kxf7 27. Nf5 gxf5
28. Bxf6 Rg8 29. Bg7 Qe6 30. h5 Ba4 31. b3 Ke8 32. h6 Bxb3 33. axb3 Qxb3 34.
Qg6+ Kd8 35. Rxd6+ Kc8 36. Rc6 Qe3+ 37. Kb1 Kb8 38. Rxc7 Kxc7 39. Bxe5+ 1-0

[Event "Bad Woerishofen Sen"]
[Site "Bad Woerishofen"]
[Date "2001.??.??"]
[Round "6"]
[White "Kraft, Hans"]
[Black "Duer, Maria"]
[Result "1-0"]
[WhiteElo "2100"]
[BlackElo "1855"]
[Annotator "ChessOrg"]
[PlyCount "73"]
[EventDate "1998.03.05"]
[Source "ChessBase"]
[SourceDate "1998.04.29"]

1. e4 d5 2. exd5 Qxd5 3. d4 Nf6 4. Nf3 Bg4 5. Be2 e6 6. h3 Bxf3 7. Bxf3 Qb5 8.
c4 Bb4+ 9. Nc3 Qa6 10. O-O Bxc3 11. bxc3 O-O 12. Qb3 c6 13. a4 Qb6 14. Qc2 Qc7
15. Bg5 Nbd7 16. Rfe1 Rfe8 17. Bh4 h6 18. Bg3 Qc8 19. c5 b6 20. cxb6 axb6 21.
c4 Ra5 22. Qd2 Qa8 23. Qc2 Rc8 24. Bd6 Qb7 25. Reb1 e5 26. dxe5 Nxe5 27. Bxe5
Rxe5 28. c5 Qe7 29. cxb6 Qb7 30. a5 Qa6 31. b7 Rb8 32. Qxc6 Qa7 33. a6 Re6 34.
Qc8+ Re8 35. Qc7 Re6 36. Qxb8+ Qxb8 37. a7 1-0

[Event "Bad Woerishofen Sen"]
[Site "Bad Woerishofen"]
[Date "2001.??.??"]
[Round "8"]
[White "Kraft, Hans"]
[Black "Janssen, Helmut"]
[Result "1-0"]
[WhiteElo "2100"]
[BlackElo "1900"]
[Annotator "ChessOrg"]
[PlyCount "121"]
[EventDate "1998.03.05"]
[Source "ChessBase"]
[SourceDate "1998.04.29"]

1. e4 c5 2. Nf3 d6 3. d4 cxd4 4. Nxd4 Nf6 5. Nc3 a6 6. Bc4 e6 7. Bb3 Be7 8. O-O
b5 9. f4 Qc7 10. f5 e5 11. Nde2 Bb7 12. Ng3 Nbd7 13. Bg5 Rc8 14. Nh5 O-O 15.
Kh1 b4 16. Bxf6 Nxf6 17. Nxf6+ Bxf6 18. Nd5 Bxd5 19. Qxd5 Qc5 20. Qd3 a5 21. a4
Qd4 22. Qe2 Qxb2 23. Rad1 Qc3 24. Rd3 Qc7 25. Qh5 h6 26. Rfd1 Rcd8 27. Rd5 Kh7
28. R1d3 g6 29. Qf3 Kg7 30. Qf1 Bg5 31. Rf3 Bf6 32. Rd2 Qc6 33. fxg6 fxg6 34.
Bd5 Qd7 35. Rdf2 Qe7 36. g4 g5 37. h3 Rc8 38. Qa6 Qc7 39. Kg2 Rb8 40. Bb3 Ra8
41. Rxf6 Rxa6 42. Rxf8 Ra7 43. Rg8+ Kh7 44. Rff8 Qe7 45. Rh8+ Kg6 46. Rfg8+ Qg7
47. Rxg7+ Kxg7 48. Re8 Rc7 49. Re6 Rc6 50. h4 gxh4 51. Kh3 Rc3+ 52. Kxh4 Re3
53. Rxd6 Rxe4 54. Kh5 Re2 55. Rg6+ Kf8 56. Kxh6 e4 57. Rf6+ Ke7 58. Re6+ Kd7
59. Kg5 Rxc2 60. Bxc2 Kxe6 61. Kf4 1-0

[Event "Bad Woerishofen Sen"]
[Site "Bad Woerishofen"]
[Date "2001.??.??"]
[Round "2"]
[White "Krasinski, Jerzy"]
[Black "Gudat, Alfons"]
[Result "1/2-1/2"]
[WhiteElo "2200"]
[BlackElo "2051"]
[Annotator "ChessOrg"]
[PlyCount "122"]
[EventDate "1998.03.05"]
[Source "ChessBase"]
[SourceDate "1998.04.29"]

1. d4 Nf6 2. c4 c5 3. d5 b5 4. cxb5 a6 5. Nc3 d6 6. e4 g6 7. Nf3 Bg7 8. Be2 O-O
9. O-O axb5 10. Bxb5 Qb6 11. Bd3 Bg4 12. Be2 Na6 13. h3 Bxf3 14. Bxf3 Nd7 15.
Be2 Nc7 16. Qc2 e6 17. dxe6 Nxe6 18. Be3 Rfb8 19. Rab1 Qa5 20. Bc4 Nd4 21. Bxd4
cxd4 22. Ne2 Rc8 23. Qb3 Ne5 24. Bd5 Rab8 25. Qd1 Nc4 26. Bxc4 Rxc4 27. b3 Rcb4
28. Nc1 R4b7 29. Qd3 Rc7 30. Ne2 Rbc8 31. Nxd4 Rc3 32. Qd2 Qe5 33. Nf3 Qxe4 34.
Qxd6 Bf8 35. Qe5 Qa8 36. a4 R8c5 37. Qe2 Rc2 38. Qe3 R5c3 39. Qf4 Bc5 40. Ne5
Qd5 41. Nc4 Re2 42. Rbc1 Rxb3 43. Qg4 Re4 44. Qc8+ Bf8 45. Ne3 Qb7 46. Rfd1
Qxc8 47. Rxc8 Kg7 48. Ra1 Ra3 49. Rxa3 Bxa3 50. Nc4 Bb4 51. a5 Re1+ 52. Kh2 Ra1
53. Ra8 Rc1 54. Ne3 Ra1 55. a6 h5 56. g3 Bc5 57. Kg2 Ra2 58. Kf3 Bb6 59. g4
hxg4+ 60. hxg4 Bc5 61. Rc8 Bxe3 1/2-1/2

[Event "Bad Woerishofen Sen"]
[Site "Bad Woerishofen"]
[Date "2001.??.??"]
[Round "4"]
[White "Krasinski, Jerzy"]
[Black "Forth, Bernhard"]
[Result "1-0"]
[WhiteElo "2200"]
[BlackElo "1895"]
[Annotator "ChessOrg"]
[PlyCount "95"]
[EventDate "1998.03.05"]
[Source "ChessBase"]
[SourceDate "1998.04.29"]

1. d4 d5 2. Nc3 c6 3. g3 Bf5 4. Bg2 e6 5. Nf3 h6 6. O-O Nf6 7. Re1 Be7 8. Ne5
Nbd7 9. Nxd7 Qxd7 10. a3 O-O 11. Bf4 Bd6 12. Bxd6 Qxd6 13. Rc1 Rad8 14. e3 e5
15. dxe5 Qxe5 16. Qd4 Qxd4 17. exd4 Rfe8 18. Rxe8+ Rxe8 19. Kf1 Kf8 20. Nd1 Be4
21. f3 Bf5 22. Kf2 g6 23. Ne3 Bd7 24. c4 dxc4 25. Nxc4 Be6 26. Nd6 Rd8 27. Nxb7
Rxd4 28. Ke3 Rd7 29. Nc5 Rd6 30. Nxe6+ Rxe6+ 31. Kf2 Nd5 32. f4 Ne7 33. Rc5 Rd6
34. Ke2 Rd7 35. Be4 f5 36. Bf3 Rb7 37. b4 a6 38. Bxc6 Rc7 39. Bf3 Rxc5 40. bxc5
Ke8 41. Kd3 Kd7 42. Bb7 a5 43. Kc4 Kc7 44. Bg2 g5 45. fxg5 hxg5 46. Kb5 Ng6 47.
Kxa5 f4 48. Kb5 1-0

[Event "Bad Woerishofen Sen"]
[Site "Bad Woerishofen"]
[Date "2001.??.??"]
[Round "6"]
[White "Krasinski, Jerzy"]
[Black "Janssen, Helmut"]
[Result "1-0"]
[WhiteElo "2200"]
[BlackElo "1900"]
[Annotator "ChessOrg"]
[PlyCount "89"]
[EventDate "1998.03.05"]
[Source "ChessBase"]
[SourceDate "1998.04.29"]

1. d4 Nf6 2. c4 e6 3. Nc3 d5 4. e3 c5 5. dxc5 Bxc5 6. cxd5 Nxd5 7. Nxd5 exd5 8.
Bb5+ Nc6 9. Ne2 O-O 10. O-O Be6 11. Nf4 Bd6 12. Nxe6 fxe6 13. Bxc6 bxc6 14. Qc2
Rc8 15. e4 Qh4 16. g3 Qg4 17. exd5 cxd5 18. Qd1 Qxd1 19. Rxd1 Bc5 20. Bf4 Rce8
21. Rf1 e5 22. Bd2 Rf3 23. Rac1 Bd4 24. Rc2 Bb6 25. Kg2 e4 26. a4 d4 27. a5 d3
28. Rc4 Bd8 29. b4 Rf5 30. Re1 Rfe5 31. Rd4 h6 32. h4 g5 33. Rd7 R5e7 34. Rxe7
Rxe7 35. hxg5 hxg5 36. Bxg5 Rd7 37. Bd2 Rd4 38. Rc1 Kf7 39. Rc6 Rd5 40. Rc4 Re5
41. Rd4 Ke7 42. Bf4 Bc7 43. Kf1 Ke6 44. Bxe5 Bxe5 45. Rxe4 1-0

[Event "Bad Woerishofen Sen"]
[Site "Bad Woerishofen"]
[Date "2001.??.??"]
[Round "8"]
[White "Krasinski, Jerzy"]
[Black "Gretzer, Otmar"]
[Result "1/2-1/2"]
[WhiteElo "2200"]
[BlackElo "2186"]
[Annotator "ChessOrg"]
[PlyCount "105"]
[EventDate "1998.03.05"]
[Source "ChessBase"]
[SourceDate "1998.04.29"]

1. d4 d5 2. c4 c6 3. Nc3 Nf6 4. Nf3 e6 5. e3 Be7 6. Bd3 dxc4 7. Bxc4 O-O 8. O-O
Nbd7 9. Re1 b6 10. e4 Bb7 11. e5 Nd5 12. Nxd5 cxd5 13. Bd3 Re8 14. Bf4 Nf8 15.
Rc1 Rc8 16. Qa4 a6 17. Rxc8 Qxc8 18. Rc1 Qa8 19. Qb3 b5 20. Bd2 Rc8 21. h3
Rxc1+ 22. Bxc1 Qc8 23. Bd2 Qc7 24. a4 b4 25. Qc2 Qxc2 26. Bxc2 a5 27. b3 Ba6
28. Ne1 Nd7 29. f4 Kf8 30. Be3 h6 31. Kf2 Ke8 32. Nf3 Bd8 33. f5 exf5 34. Bxf5
Ke7 35. g4 Bb6 36. g5 hxg5 37. Bxg5+ Ke8 38. Ke3 Bf1 39. e6 fxe6 40. Bxe6 Bg2
41. Bxd7+ Kxd7 42. Ne5+ Ke6 43. h4 Be4 44. Nd3 Bxd3 45. Kxd3 Kf5 46. Be7 g6 47.
Ke3 Kg4 48. Bg5 Bc7 49. Kd3 Kf3 50. Bf6 Kf4 51. Kd2 Bb6 52. Kd3 Bc7 53. Kd2
1/2-1/2

[Event "Bad Woerishofen Sen"]
[Site "Bad Woerishofen"]
[Date "2001.??.??"]
[Round "2"]
[White "Kristiansen, Erling"]
[Black "Duer, Maria"]
[Result "1-0"]
[WhiteElo "2214"]
[BlackElo "1855"]
[Annotator "ChessOrg"]
[PlyCount "129"]
[EventDate "1998.03.05"]
[Source "ChessBase"]
[SourceDate "1998.04.29"]

1. d4 d5 2. c4 c6 3. Nf3 Nf6 4. Nbd2 e6 5. e3 Be7 6. b3 O-O 7. Bd3 Nbd7 8. O-O
b6 9. Bb2 Bb7 10. cxd5 cxd5 11. Ne5 Rc8 12. f4 Ne4 13. Nxe4 dxe4 14. Bb5 Nxe5
15. fxe5 a6 16. Be2 a5 17. Rc1 Rxc1 18. Qxc1 Qc8 19. Bb5 Qxc1 20. Rxc1 Rc8 21.
Rxc8+ Bxc8 22. Bc6 f5 23. exf6 Bxf6 24. Bxe4 Bd7 25. Kf2 g6 26. Bc3 Kf7 27. Bd3
Bc6 28. g3 Ke7 29. e4 Kf7 30. e5 Be7 31. Bd2 h5 32. h4 Bd5 33. Bc4 Bc6 34. a4
Bh1 35. Bf4 Bc6 36. Ke2 Bg2 37. Be3 Be4 38. Bf4 Bg2 39. Ke3 Bc6 40. Kd3 Bg2 41.
Kc3 Bb4+ 42. Kc2 Be7 43. Bg5 Bxg5 44. hxg5 Be4+ 45. Kd2 Bc6 46. Ke3 Ke7 47. Kd2
Kf7 48. Kc3 Ke7 49. Bd3 Kf7 50. Kc4 Kg7 51. Bc2 Kf7 52. b4 axb4 53. Kxb4 Kg7
54. a5 bxa5+ 55. Kxa5 Kf7 56. Kb6 Bf3 57. Kc7 Bd5 58. Kd6 Bc4 59. Be4 Bb3 60.
d5 exd5 61. e6+ Kg7 62. e7 Ba4 63. Bxd5 Be8 64. Bc6 Kf7 65. Bd7 1-0

[Event "Bad Woerishofen Sen"]
[Site "Bad Woerishofen"]
[Date "2001.??.??"]
[Round "6"]
[White "Kristiansen, Erling"]
[Black "Ottmann, Josef"]
[Result "1/2-1/2"]
[WhiteElo "2214"]
[BlackElo "1940"]
[Annotator "ChessOrg"]
[PlyCount "61"]
[EventDate "1998.03.05"]
[Source "ChessBase"]
[SourceDate "1998.04.29"]

1. e4 e5 2. Nf3 Nf6 3. Nxe5 d6 4. Nf3 Nxe4 5. d4 d5 6. Bd3 Be7 7. c4 Bb4+ 8.
Kf1 O-O 9. Qc2 Re8 10. a3 Bf8 11. cxd5 Nf6 12. Bg5 h6 13. Bxf6 Qxf6 14. Nbd2
Bd6 15. h3 Nd7 16. Ne4 Qf4 17. Nxd6 Qxd6 18. Rc1 Qb6 19. b4 a5 20. b5 Qd6 21.
a4 Nb6 22. Ne5 Nxd5 23. g3 Be6 24. Qc5 Qxc5 25. Rxc5 Re7 26. Kg2 b6 27. Rcc1
Nb4 28. Be4 Bd5 29. f3 f6 30. Bxd5+ Nxd5 31. Nd3 1/2-1/2

[Event "Bad Woerishofen Sen"]
[Site "Bad Woerishofen"]
[Date "2001.??.??"]
[Round "8"]
[White "Kristiansen, Erling"]
[Black "Thielemann, Joachim"]
[Result "1-0"]
[WhiteElo "2214"]
[BlackElo "2061"]
[Annotator "ChessOrg"]
[PlyCount "97"]
[EventDate "1998.03.05"]
[Source "ChessBase"]
[SourceDate "1998.04.29"]

1. d4 Nf6 2. c4 e5 3. dxe5 Ng4 4. e4 Nxe5 5. f4 Ng6 6. Nf3 Bb4+ 7. Bd2 Qe7 8.
Kf2 Bxd2 9. Qxd2 Qxe4 10. g3 O-O 11. Nc3 Qc6 12. Nd5 Qc5+ 13. Kg2 a5 14. Re1 d6
15. Nd4 Bd7 16. Nb3 Qa7 17. Nxc7 Bc6+ 18. Nd5 Nd7 19. Nd4 Qc5 20. Nxc6 bxc6 21.
Nc3 Nf6 22. Bd3 Rfe8 23. b3 Qd4 24. Rd1 Re3 25. Bxg6 Qxd2+ 26. Rxd2 fxg6 27.
Rc1 Rd8 28. Nd1 Re1 29. Rcc2 Ng4 30. Rc3 Kf7 31. h3 Nf6 32. Re3 Rxe3 33. Nxe3
Re8 34. Kf3 Ke6 35. g4 Re7 36. Rd4 Kd7 37. g5 Ne8 38. c5 d5 39. Nc4 Kc7 40.
Nxa5 Re1 41. Rb4 Rc1 42. Rb7+ Kc8 43. Re7 Rc3+ 44. Ke2 Kd8 45. Nxc6+ Kc8 46. b4
Rc2+ 47. Kd3 Rxa2 48. b5 Rb2 49. Rxe8+ 1-0

[Event "Bad Woerishofen Sen"]
[Site "Bad Woerishofen"]
[Date "2001.??.??"]
[Round "2"]
[White "Kraemer, Marianne"]
[Black "Dunkel, Horst"]
[Result "1/2-1/2"]
[WhiteElo "1500"]
[BlackElo "1700"]
[Annotator "ChessOrg"]
[PlyCount "122"]
[EventDate "1998.03.05"]
[Source "ChessBase"]
[SourceDate "1998.04.29"]

1. e4 e5 2. Nf3 Nc6 3. d4 exd4 4. Nxd4 Ne5 5. c3 d6 6. Be2 h6 7. O-O Nf6 8. Nd2
Be7 9. h3 O-O 10. f4 Ng6 11. f5 Ne5 12. N4f3 b6 13. Nxe5 dxe5 14. Qc2 Bb7 15.
Bf3 Qd6 16. Nb3 c5 17. Be3 Rad8 18. Rfd1 Qc7 19. Nd2 Rd7 20. Nf1 Rfd8 21. Rxd7
Rxd7 22. Ng3 Qd8 23. a3 Nh7 24. b4 c4 25. Rd1 Bg5 26. Bxg5 Nxg5 27. Rxd7 Qxd7
28. Be2 b5 29. h4 Nh7 30. Nf1 Nf6 31. Ng3 Qd8 32. Kf2 Ne8 33. Qd1 Qe7 34. Qd2
Bc6 35. Qe3 Nf6 36. Bf3 Qb7 37. Ke2 Qd7 38. Qd2 Qb7 39. Qe3 Nd7 40. Qd2 Nb6 41.
Qd8+ Kh7 42. Qd6 f6 43. Bh5 Qd7 44. Bg6+ Kg8 45. Qb8+ Nc8 46. Ke1 Bb7 47. Bh5
Kf8 48. Be2 Ke7 49. Nh5 Kf7 50. Ng3 Qc6 51. Bh5+ Ke7 52. Bf3 Qd7 53. Be2 Kd8
54. a4 a6 55. a5 Bc6 56. h5 Ke7 57. Bf3 Bb7 58. Be2 Qc6 59. Bf3 Kd7 60. Be2 Nd6
61. Qg8 Ne8 1/2-1/2

[Event "Bad Woerishofen Sen"]
[Site "Bad Woerishofen"]
[Date "2001.??.??"]
[Round "4"]
[White "Kraemer, Marianne"]
[Black "Budde, Reinhard"]
[Result "1-0"]
[WhiteElo "1500"]
[BlackElo "1688"]
[Annotator "ChessOrg"]
[PlyCount "124"]
[EventDate "1998.03.05"]
[Source "ChessBase"]
[SourceDate "1998.04.29"]

1. e4 c5 2. Bc4 e6 3. c3 Nc6 4. Nf3 Qc7 5. d3 Nf6 6. Bg5 Be7 7. O-O O-O 8. Bb3
a6 9. Nbd2 b5 10. Bh4 Bb7 11. Re1 e5 12. h3 d6 13. Nh2 Bc8 14. a3 Nd8 15. Rc1
a5 16. Bg3 Be6 17. Bc2 Qb6 18. Kh1 Nc6 19. f4 exf4 20. Bxf4 Rad8 21. Qf3 Ne5
22. Qe2 Ng6 23. Bg3 Qb7 24. d4 cxd4 25. cxd4 Rc8 26. Bd3 Bd7 27. Nhf1 h6 28.
Ne3 Rxc1 29. Rxc1 Rc8 30. Rxc8+ Qxc8 31. Kh2 Qb7 32. Nf5 Qb6 33. Nxe7+ Nxe7 34.
d5 Ng6 35. Bf2 Qd8 36. Bg3 Qb6 37. Nb1 b4 38. axb4 Qxb4 39. Nc3 Ne5 40. Bxe5
dxe5 41. g3 Qd4 42. Kg2 a4 43. Nd1 Qb6 44. Qf2 Qb3 45. Qc2 Qb6 46. Qc4 Nh7 47.
Qc3 Qd6 48. b4 axb3 49. Qxb3 Ng5 50. Nf2 Qf6 51. Qd1 Qb6 52. Qe2 Qc7 53. h4 Nh7
54. Qb2 Nf6 55. Be2 h5 56. Qd2 Qd6 57. Qg5 g6 58. Bf3 Kg7 59. Qe3 Qb4 60. Qe2
Bb5 61. Qd1 Ba4 62. Qc1 Qd4 1-0

[Event "Bad Woerishofen Sen"]
[Site "Bad Woerishofen"]
[Date "2001.??.??"]
[Round "8"]
[White "Kraemer, Marianne"]
[Black "Schafroth, Georg"]
[Result "1-0"]
[WhiteElo "1500"]
[BlackElo "1700"]
[Annotator "ChessOrg"]
[PlyCount "93"]
[EventDate "1998.03.05"]
[Source "ChessBase"]
[SourceDate "1998.04.29"]

1. e4 e5 2. Nf3 Nc6 3. Bc4 h6 4. c3 Nf6 5. O-O Bc5 6. d4 Bd6 7. a3 a6 8. b4 b5
9. Ba2 O-O 10. Re1 Re8 11. d5 Ne7 12. c4 c6 13. c5 Bb8 14. d6 Ng6 15. h3 a5 16.
Bb2 Nh5 17. Bc1 Kh8 18. Bxf7 Nhf4 19. Bxe8 Qxe8 20. Bxf4 Nxf4 21. Nh2 axb4 22.
Re3 Qg6 23. Qg4 Qf7 24. Nf3 Qf6 25. Qf5 Qxf5 26. exf5 Kg8 27. Rxe5 Kf8 28. Nfd2
Nd3 29. Re4 Nxc5 30. Rxb4 Bxd6 31. Rg4 Be5 32. Ra2 d5 33. Nf3 Bxf5 34. Nxe5
Bxg4 35. Nxg4 Re8 36. Kh2 d4 37. f3 h5 38. Nf2 d3 39. Rd2 Re2 40. Kg3 g5 41.
Kh2 Kf7 42. Kg3 Kf6 43. Ne4+ Nxe4+ 44. fxe4 Ke5 45. Rxd3 h4+ 46. Kf3 Re1 47.
Nd2 1-0

[Event "Bad Woerishofen Sen"]
[Site "Bad Woerishofen"]
[Date "2001.??.??"]
[Round "2"]
[White "Krueger, Manfred"]
[Black "Ofstad, Per"]
[Result "0-1"]
[WhiteElo "1700"]
[BlackElo "2194"]
[Annotator "ChessOrg"]
[PlyCount "136"]
[EventDate "1998.03.05"]
[Source "ChessBase"]
[SourceDate "1998.04.29"]

1. e4 e6 2. d4 d5 3. exd5 exd5 4. Nf3 Bd6 5. Be2 Ne7 6. Nc3 c6 7. O-O O-O 8. h3
Ng6 9. Bd3 Nf4 10. Bxf4 Bxf4 11. Re1 g6 12. Ne2 Bh6 13. Ng3 Be6 14. Ne5 Nd7 15.
Ng4 Bg7 16. c3 Qh4 17. Be2 Rae8 18. Nh2 Bh6 19. Nf3 Qf4 20. h4 Bg4 21. Qb3 Rb8
22. c4 dxc4 23. Qxc4 Nb6 24. Qd3 Rbd8 25. Qe4 Nd5 26. Rad1 Rfe8 27. Qxf4 Nxf4
28. Bf1 Bxf3 29. Rxe8+ Rxe8 30. gxf3 Bg7 31. Ne4 Rd8 32. Nc5 Bxd4 33. Kh2 Ne6
34. Nd3 Bf6 35. Kg3 h5 36. Rb1 Nd4 37. f4 Nf5+ 38. Kh3 Nxh4 39. Nc5 b6 40. Ne4
Be7 41. Re1 Nf5 42. Ng3 Bb4 43. Re4 Nd4 44. Ne2 Bc5 45. b4 f5 46. Re5 Bd6 47.
Nxd4 Bxe5 48. Nxc6 Bf6 49. Bc4+ Kg7 50. Nxd8 Bxd8 51. b5 Bc7 52. Kg3 g5 53. Kh3
Bxf4 54. f3 Kf6 55. Be2 Ke5 56. Bd3 Bd2 57. Kg2 Kf4 58. a3 Be3 59. a4 g4 60.
Be2 Bd4 61. Bd1 h4 62. fxg4 fxg4 63. Be2 Be5 64. Kh1 h3 65. Bc4 g3 66. Bd5 g2+
67. Bxg2 hxg2+ 68. Kxg2 Ke3 0-1